PEDIATRIC DENTISTRY : INFANCY THROUGH ADOLESCENCE (Record no. 3433)

MARC details
000 -LEADER
fixed length control field 00380nam a2200145Ia 4500
008 - FIXED-LENGTH DATA ELEMENTS--GENERAL INFORMATION
fixed length control field 150201s2005 xx 000 0 und d
082 ## - DEWEY DECIMAL CLASSIFICATION NUMBER
Classification number 617.645
Item number P2005P
100 ## - MAIN ENTRY--PERSONAL NAME
Personal name PINKHAM, JIMMY R.
245 ## - TITLE STATEMENT
Title PEDIATRIC DENTISTRY : INFANCY THROUGH ADOLESCENCE
250 ## - EDITION STATEMENT
Edition statement 4TH
260 ## - PUBLICATION, DISTRIBUTION, ETC. (IMPRINT)
Name of publisher, distributor, etc. SAUNDERS
Place of publication, distribution, etc. PHILADELPHIA
Date of publication, distribution, etc. 2005
300 ## - PHYSICAL DESCRIPTION
Extent 1-431
650 ## - SUBJECT ADDED ENTRY--TOPICAL TERM
Topical term or geographic name as entry element PEDODONTICS
942 ## - ADDED ENTRY ELEMENTS (KOHA)
Source of classification or shelving scheme Dewey Decimal Classification
Koha item type Books
Koha issues (borrowed), all copies 1
Holdings
Withdrawn status Lost status Source of classification or shelving scheme Damaged status Not for loan Home library Current library Date acquired Source of acquisition Cost, normal purchase price Serial Enumeration / chronology SGTU Bill Number Total Checkouts Full call number Barcode Date last seen Date last checked out Bill Date Koha item type
    Dewey Decimal Classification     SGT Dental Library SGT Dental Library 03/01/2006 U.B.S.DELHI 595.00 1 SGTU 825/838 6 617.645 P2005P FD3828 08/10/2021 21/09/2021 24/07/2012 Books
    Dewey Decimal Classification     SGT Dental Library SGT Dental Library 03/01/2006 U.B.S.DELHI 1250.00 1 SGTU 825/838   617.645 P2005P FD3829 09/02/2015   24/07/2012 Books